• 首页
  • 本馆介绍
  • 公告通知
  • 最新文献
  • 馆藏检索
  • 电子资源
  • 读者导购
  • 参考咨询
  • 我的图书馆
  • 登录
  • 详细信息显示
  • 放入我的书架
  • 预约/预借图书
  • 作者相关作品
  • 分类相关作品
  • 丛书相关作品
  • 出版社相关作品

书目信息

  • 表格格式
  • 工作单格式
  • 卡片格式
题名:
临床医学试题解答
    
 
作者: 汪恒益
分册:  
出版信息:   湖南科学技术出版社  1986.01
页数: 432页
开本: 19cm
丛书名:
单 册:
中图分类: R47-44
科图分类:
主题词: 护理学
电子资源:
ISBN:
000 00554nam0 2200205 45
001 9911301546
005 19991130153440.8
010    @d4.15
010    @a 14204.13
091    @a14204.13
100    @a19991130d1986 km y0chiy0120 ea
101    @achi
105    @a z 000yy
200 1  @a临床医学试题解答@ALin Chuang Yi Xue Shi Ti Jie Da@f汪恒益@FWang Heng Yi
210    @c湖南科学技术出版社@d1986.01
215    @a432页@c无图表@d19cm
606 0  @a护理学
690    @aR47-44@v3
801    @aCN@bPerfectUser@c19991130
905    @aBZT@b22641-646@f6@dR47-44@e1
    
    临床医学试题解答/汪恒益.-湖南科学技术出版社,1986.01
    432页:无图表;19cm
    
    
    ISBN :4.15
    
●
相关链接 在五车中查询图书 在当当中查询图书 在豆瓣中查询图书


正题名:临床医学试题解答     索取号:R47-44/1         预约/预借

序号 登录号 条形码 馆藏地/架位号 状态 备注
1 22641   200623192   中心书库中库/ 中库008架A面5列7层24/ [索取号:R47-44/1] 在馆    
2 22642   200623245   中心书库中库/ 中库008架A面5列7层27/ [索取号:R47-44/1] 在馆    
3 22643   200623227   中心书库中库/ 中库008架A面5列7层26/ [索取号:R47-44/1] 在馆    
4 22644   200623218   中心书库中库/ 中库008架A面5列7层23/ [索取号:R47-44/1] 在馆    
5 22645   200623236   中心书库中库/ 中库008架A面5列7层25/ [索取号:R47-44/1] 在馆    
山东省滨州职业学院图书馆 欢迎您!
大连网信软件有限公司© 版权所有